Hamilton: Who Lives, Who Dies, Who Tells Your Story (Lyrics) - Statistics

General Stats
  • This quiz has been taken 1,416 times
    1,395 since last reset
  • The average score is 48 of 55
Answer Stats
Lyrics Answer % Correct
Who _____, who dies, who tells your story? lives
99%
Who lives, who _____, who tells your story? dies
97%
Let me tell you what I wish I’d _____ known
96%
Who lives, who dies, who _____ your story? tells
96%
President _____: Jefferson
95%
Who tells your _____? Who tells your _____? Who tells your _____? story
95%
You really do write like you're running out of _____ time
94%
I ask myself, "what would _____ do if _____ had more time?" you
94%
_____ I tried And
93%
You have no _____: control
93%
I raise funds in D.C. for the _____ Monument Washington
93%
I hate to admit it, but he doesn’t get enough _____ for all the _____ he gave us credit
92%
When I was young and _____ of glory dreamed
92%
I live another _____ years, it's not enough fifty
92%
I interview every soldier who _____ by your side fought
92%
Every other founding father gets to _____ _____ grow old
92%
I put myself back in the _____ narrative
92%
I rely on _____ Angelica
91%
Every other founding father's story _____ _____ gets told
91%
When I _____ her most, she was right on time needed
91%
(_____ tells my story) She
91%
I speak out _____ slavery against
90%
While she's _____ we tell your story alive
90%
(_____) Eliza
90%
(_____) Eliza
90%
(_____) Eliza
90%
And when my time is up, have I done _____? enough
90%
I stop _____ time on tears wasting
90%
_____ they tell our story? Will
89%
(The _____) orphanage
88%
(The _____) orphanage
88%
(The _____) orphanage
88%
And when _____ time is up, have I done enough? Will they tell _____ story? my
87%
You could have done so much more if you ____ had time only
87%
(She tells _____ story) our
87%
In their eyes I see you, _____ Alexander
86%
I try to make sense of your _____ of pages of writings thousands
86%
He gives me what you _____ wanted, He gives me more time always
85%
But when you’re gone, who _____ your name? remembers
85%
I’ll give him this: his _____ system is a financial
84%
President _____: Madison
84%
Will they tell _____ story? (Time) Who lives, who dies, who tells _____ story? (Time) Will they tell _____ story? (Time) Who lives, who dies who tells _____ story? your
84%
Work of _____. I couldn’t undo it if I tried genius
83%
It's only a _____ of time matter
83%
Oh, I can't wait to _____ you again see
83%
I help to raise _____ of children, I get to see them growing up hundreds
82%
I established the first _____ orphanage in New York City private
82%
She is buried in _____ Church near you Trinity
82%
He took our country from bankruptcy to _____ prosperity
79%
I see you _____ time every
77%
And I'm still not _____ through
77%
The Lord, in his _____ kindness
75%
Who keeps your _____? flame
69%
_____. Can I show you what I’m proudest of? Oh
69%
Bonus: What does Eliza do at the end of Hamilton? Gasp
50%
No matching quizzes found
Score Distribution
Percent of People with Each Score
Percentile by Number Answered
Your Score History
You have not taken this quiz since the last reset